000 00839nas a2200265 454500
001 29622
005 20260407193508.0
008 260407s1993####ag###########|||spa#d
003 AR-UNSa-BCEJYS
040 _aAR-UNSa-BCEJYS
_bspa
_cAR-UNSa-BCEJYS
080 _a658.8
_xOrganización de mercados. Marketing. Ventas. Distribución
245 1 0 _aMarketing hoy
264 1 _aBuenos Aires :
_bCoyuntura
_c1993
310 _aFrecuencia: Trimestral
041 _aspa
942 _cSER
590 _aniveau_biblio:s niveau_hierar:1
100 1 _aAsociación Argentina de Marketing
700 1 _aMercado
700 1 _aConcilio, Andrés
700 1 _aDiez, Miguel Angel
650 _aMarketing
650 _aEstudio de mercado
856 4 1 _uhttps://biblioeco.unsa.edu.ar/pmb/images/revistas/Marketing-r14303.jpg
_yImagen de portada
_qimage/jpeg
999 _c8673
_d8673